000 00664nas a2200229 4500
001 BR7307905
003 BR-BrBNA
005 20231205082635.0
007 ta
008 230509b bl.|||p| |||| 00| 00por d
040 _aBR-BrBNA
_bpor
_cBiblioteca Nacional de Agricultura
041 _a(Pt)
072 _aN10
100 1 _aAnon.
245 1 _aRedutor e ampliador de velocidade [energia mecanica, motor]
650 _aMAQUINA AGRICOLA
650 _aMOTOR
650 _aENERGIA MECANICA
773 0 _tLavoura Arrozeira (Brazil)
_xISSN 0023-9143
_g(Mar 1975), v. 28(284) p. 48-50
_wBR7307905
909 _a202311
_bLúcia
_c55
_dLúcia Elande
942 _2AGRIS
_n0
_cANA
999 _c93433
_d93433